[Event "Wch-U16"]
[Site "Mumbai IND"]
[Date "2019.10.03"]
[Round "3.13"]
[White "Talukdar, Rohan"]
[Black "Karthik, Sai Ch"]
[Result "1/2-1/2"]
[WhiteElo "2369"]
[BlackElo "2046"]
[PlyCount "115"]
[EventDate "2019.10.02"]
[EventType "swiss"]
[EventRounds "11"]
[EventCountry "IND"]
[Source "ChessMix"]
[SourceDate "2019.10.20"]

1. e4 c6 2. d4 d5 3. Nc3 dxe4 4. Nxe4 Bf5 5. Ng3 Bg6 6. h4 h6 7. Nf3 Nf6 8. Ne5
Bh7 9. Bd3 Bxd3 10. Qxd3 e6 11. Bd2 Be7 12. O-O-O Nbd7 13. f4 O-O 14. Qf3 Qc7
15. c4 a5 16. Kb1 Rfd8 17. Bc1 a4 18. Rhe1 Bd6 19. Ne2 h5 20. Nc3 Bb4 21. a3
Bxc3 22. Qxc3 Nxe5 23. fxe5 Ng4 24. Bg5 Rd7 25. Qf3 Rc8 26. Ka1 Qb6 27. Qc3 Qa6
28. Rc1 Qb6 29. Rcd1 Qa6 30. Rd2 Rdc7 31. Rc1 Qa7 32. Qd3 Rd7 33. Qc3 Rdc7 34.
Qd3 Rd7 35. Qe4 Qa6 36. Rc3 Rdc7 37. Rdc2 Qa7 38. Rg3 Rd7 39. Rd2 Qa6 40. Rc3
Rdc7 41. Qe2 Rd7 42. Qe4 Rdc7 43. Qf4 Qa5 44. Rg3 Qa6 45. Rc2 Qa5 46. Rcc3 b5
47. Rxg4 hxg4 48. Bf6 gxf6 49. exf6 Kf8 50. Qg5 Rd8 51. cxb5 Qb6 52. bxc6 Rxc6
53. Qg7+ Ke8 54. Qg8+ Kd7 55. Qxf7+ Kd6 56. Re3 Rd7 57. Qe8 Qxb2+ 58. Kxb2
1/2-1/2

[Event "Wch-U16"]
[Site "Mumbai IND"]
[Date "2019.10.05"]
[Round "5.12"]
[White "Talukdar, Rohan"]
[Black "Wu, Hao"]
[Result "1-0"]
[WhiteElo "2369"]
[BlackElo "1835"]
[PlyCount "81"]
[EventDate "2019.10.02"]
[EventType "swiss"]
[EventRounds "11"]
[EventCountry "IND"]
[Source "ChessMix"]
[SourceDate "2019.10.20"]

1. e4 c5 2. Nf3 Nc6 3. d4 cxd4 4. Nxd4 Qb6 5. Nb3 Nf6 6. Nc3 e6 7. Bd3 d6 8.
Be3 Qc7 9. f4 a6 10. Qf3 b5 11. O-O-O Bb7 12. g4 Nd7 13. g5 Nc5 14. Kb1 b4 15.
Ne2 Nxb3 16. axb3 Rc8 17. Qh3 Ne7 18. Rhf1 d5 19. exd5 Nxd5 20. Bd4 Rd8 21. g6
f5 22. gxh7 Qf7 23. Rg1 Nf6 24. Bxf6 gxf6 25. Qe3 Be7 26. Nd4 Bc8 27. Nc6 Rd7
28. Nxe7 Rxe7 29. Qc5 Bd7 30. Bxa6 Qxh7 31. Rxd7 Rxd7 32. Bb5 Kd8 33. Qb6+ Kc8
34. Qxe6 Qe7 35. Qxf5 Kc7 36. Bxd7 Qxd7 37. Qxf6 Rh7 38. Qe5+ Kb7 39. Qe4+ Kc7
40. Qxb4 Rxh2 41. Qc3+ 1-0

[Event "Wch-U16"]
[Site "Mumbai IND"]
[Date "2019.10.11"]
[Round "10.12"]
[White "Ammar, Sedrani"]
[Black "Talukdar, Rohan"]
[Result "1/2-1/2"]
[WhiteElo "2053"]
[BlackElo "2369"]
[PlyCount "132"]
[EventDate "2019.10.02"]
[EventType "swiss"]
[EventRounds "11"]
[EventCountry "IND"]
[Source "ChessMix"]
[SourceDate "2019.10.20"]

1. d4 Nf6 2. c4 g6 3. Nc3 d5 4. cxd5 Nxd5 5. e4 Nxc3 6. bxc3 Bg7 7. Nf3 c5 8.
Be3 Qa5 9. Qd2 Nc6 10. Rc1 cxd4 11. cxd4 Qxd2+ 12. Kxd2 O-O 13. Bb5 Rd8 14.
Bxc6 bxc6 15. Rxc6 Bb7 16. Rc7 Bxe4 17. Rxe7 Bxf3 18. gxf3 Bxd4 19. Ke2 Bxe3
20. fxe3 Rab8 21. Kf2 Rd2+ 22. Kg3 Rxa2 23. Rc1 Ra5 24. e4 Rg5+ 25. Kf4 Rh5 26.
Rcc7 Rf8 27. Kg3 a5 28. f4 Rb8 29. Rxf7 Rb3+ 30. Kg4 Rxh2 31. Rg7+ Kh8 32. Rgd7
Rb8 33. Ra7 Rh5 34. e5 Kg8 35. Rxa5 Rf5 36. Raa7 h5+ 37. Kh4 Re8 38. Rd6 Rxf4+
39. Kg5 Rf7 40. Ra5 Kh7 41. Rf6 Rfe7 42. e6 Rxe6 43. Ra7+ R8e7 44. Rf7+ Rxf7
45. Rxf7+ Kg8 46. Ra7 Kf8 47. Rb7 Ke8 48. Ra7 Kf8 49. Rb7 h4 50. Kxh4 Re7 51.
Rxe7 Kxe7 52. Kg5 Kf7 53. Kg4 Kf6 54. Kf4 g5+ 55. Kg4 Kg6 56. Kg3 Kf5 57. Kf3
g4+ 58. Kg3 Kg5 59. Kg2 Kf4 60. Kf2 g3+ 61. Kg2 Kg4 62. Kg1 Kg5 63. Kg2 Kf4 64.
Kg1 Kf3 65. Kf1 g2+ 66. Kg1 Kg3 1/2-1/2

[Event "US Masters"]
[Site "Greensboro USA"]
[Date "2019.08.21"]
[Round "1"]
[White "Talukdar, Rohan"]
[Black "Zheng, Michael"]
[Result "1-0"]
[WhiteElo "2399"]
[BlackElo "2043"]
[PlyCount "53"]
[EventDate "2019.08.21"]
[EventType "swiss"]
[EventRounds "9"]
[EventCountry "USA"]
[Source "ChessMix"]
[SourceDate "2019.09.01"]

1. e4 c5 2. Nf3 d6 3. d4 cxd4 4. Nxd4 Nf6 5. Nc3 a6 6. Be3 e6 7. Be2 Qc7 8. g4
b5 9. g5 Nfd7 10. a3 Bb7 11. f4 Nc6 12. Nxc6 Bxc6 13. Qd4 Qb7 14. O-O-O Nc5 15.
Bf3 a5 16. b4 axb4 17. axb4 e5 18. fxe5 Ne6 19. Qd3 dxe5 20. Nd5 Qa6 21. Qb3
Qa3+ 22. Qxa3 Rxa3 23. Rhe1 Bxd5 24. exd5 Bxb4 25. dxe6 O-O 26. exf7+ Kh8 27.
Kb2 1-0

[Event "US Masters"]
[Site "Greensboro USA"]
[Date "2019.08.22"]
[Round "2"]
[White "Talukdar, Rohan"]
[Black "Dragun, Kamil"]
[Result "1/2-1/2"]
[WhiteElo "2399"]
[BlackElo "2614"]
[PlyCount "90"]
[EventDate "2019.08.21"]
[EventType "swiss"]
[EventRounds "9"]
[EventCountry "USA"]
[Source "ChessMix"]
[SourceDate "2019.09.01"]

1. e4 c6 2. d4 d5 3. Nc3 dxe4 4. Nxe4 Nf6 5. Nxf6+ exf6 6. c3 Bd6 7. Bd3 O-O 8.
Qc2 Re8+ 9. Ne2 h6 10. Be3 Be6 11. O-O Qc7 12. h3 Nd7 13. c4 Nf8 14. c5 Be7 15.
Nf4 Rad8 16. Rad1 Bc8 17. Bc4 Ne6 18. Nxe6 Bxe6 19. Bxe6 fxe6 20. Qg6 Bf8 21.
Bxh6 Qf7 22. Qxf7+ Kxf7 23. Be3 Rd5 24. b4 Red8 25. Rb1 f5 26. b5 R8d7 27. bxc6
bxc6 28. Rb8 g5 29. Bxg5 Rxd4 30. Rc8 Bxc5 31. Rxc6 R4d5 32. Re1 R7d6 33. Rc7+
Rd7 34. Rxd7+ Rxd7 35. Be3 Bxe3 36. Rxe3 Rd1+ 37. Kh2 Rd2 38. Ra3 Rxf2 39.
Rxa7+ Kf6 40. Kg3 Rc2 41. h4 Rc3+ 42. Kf2 Rc2+ 43. Kg3 Rc3+ 44. Kf2 Rc2+ 45.
Kg3 Ke5 1/2-1/2

[Event "US Masters"]
[Site "Greensboro USA"]
[Date "2019.08.23"]
[Round "4"]
[White "Yip, Carissa"]
[Black "Talukdar, Rohan"]
[Result "1/2-1/2"]
[WhiteElo "2300"]
[BlackElo "2399"]
[PlyCount "41"]
[EventDate "2019.08.21"]
[EventType "swiss"]
[EventRounds "9"]
[EventCountry "USA"]
[Source "ChessMix"]
[SourceDate "2019.09.01"]

1. e4 c5 2. Nf3 d6 3. d4 cxd4 4. Nxd4 Nf6 5. Nc3 a6 6. Be3 e6 7. g4 e5 8. Nf5
h5 9. g5 Nxe4 10. Nxg7+ Bxg7 11. Nxe4 d5 12. Ng3 d4 13. Bd2 Nc6 14. Nxh5 Qd5
15. Nxg7+ Kf8 16. f3 e4 17. Nh5 Rxh5 18. fxe4 Qxe4+ 19. Qe2 Qh4+ 20. Qf2 Qe4+
21. Qe2 1/2-1/2

[Event "US Masters"]
[Site "Greensboro USA"]
[Date "2019.08.23"]
[Round "5"]
[White "Talukdar, Rohan"]
[Black "Quesada Perez, Yasser"]
[Result "0-1"]
[WhiteElo "2399"]
[BlackElo "2582"]
[PlyCount "60"]
[EventDate "2019.08.21"]
[EventType "swiss"]
[EventRounds "9"]
[EventCountry "USA"]
[Source "ChessMix"]
[SourceDate "2019.09.01"]

1. e4 c5 2. Nf3 Nc6 3. d4 cxd4 4. Nxd4 Qb6 5. Nb3 Nf6 6. Nc3 e6 7. Bd3 a6 8.
Qe2 Qc7 9. Bd2 d6 10. f4 b5 11. g4 Nd7 12. O-O-O Nb6 13. a3 b4 14. axb4 Nxb4
15. Kb1 Nxd3 16. cxd3 Bd7 17. Rc1 Qb8 18. Na5 Be7 19. g5 O-O 20. f5 Rc8 21.
Rhf1 Rc5 22. Nb3 Nc4 23. Ka2 Ra5+ 24. Kb1 Qxb3 25. dxc4 Rb8 26. Rc2 Ba4 27.
Nxa4 Rxa4 28. Be3 Bd8 29. fxe6 Ba5 30. exf7+ Kf8 0-1

[Event "US Masters"]
[Site "Greensboro USA"]
[Date "2019.08.24"]
[Round "6"]
[White "Talukdar, Rohan"]
[Black "Mishra, Abhimanyu"]
[Result "1-0"]
[WhiteElo "2399"]
[BlackElo "2304"]
[PlyCount "117"]
[EventDate "2019.08.21"]
[EventType "swiss"]
[EventRounds "9"]
[EventCountry "USA"]
[Source "ChessMix"]
[SourceDate "2019.09.01"]

1. e4 c5 2. Nf3 e6 3. d4 cxd4 4. Nxd4 Nc6 5. Nc3 Qc7 6. Be3 a6 7. Qd2 Nf6 8.
O-O-O Be7 9. f4 b5 10. e5 b4 11. exf6 bxc3 12. Qxc3 Bxf6 13. g4 h6 14. h4 Bb7
15. Rh2 Rc8 16. Qd2 Qd6 17. Nxc6 Qxd2+ 18. Rhxd2 Bxc6 19. g5 hxg5 20. hxg5 Be7
21. Bxa6 Ra8 22. Bc4 Ra4 23. Bb3 Re4 24. Rd3 Bd8 25. Bd2 Bc7 26. f5 exf5 27.
Bd5 Bxd5 28. Rxd5 Be5 29. a4 O-O 30. b4 d6 31. a5 Rc8 32. Kb1 Rb8 33. Rc1 f4
34. Ka2 f3 35. Kb3 Rg4 36. Rf1 Kf8 37. a6 f2 38. Rxf2 Rg1 39. b5 Ra1 40. c4 Ke8
41. Bc3 Rxa6 42. Bxe5 dxe5 43. Rxe5+ Kf8 44. Ref5 Ra7 45. g6 f6 46. Rh5 Rba8
47. Rh8+ Ke7 48. Rxa8 Rxa8 49. Kb4 Ra1 50. Kc5 Kd7 51. Rd2+ Kc8 52. Kc6 Re1 53.
b6 Re7 54. c5 f5 55. b7+ Rxb7 56. Rd8+ Kxd8 57. Kxb7 f4 58. c6 f3 59. c7+ 1-0

[Event "Foxwoods op"]
[Site "Mashantucket USA"]
[Date "2019.04.19"]
[Round "4.4"]
[White "Burke, John M"]
[Black "Talukdar, Rohan"]
[Result "1-0"]
[WhiteElo "2550"]
[BlackElo "2407"]
[PlyCount "95"]
[EventDate "2019.04.17"]
[EventType "swiss"]
[EventRounds "9"]
[EventCountry "USA"]
[Source "ChessMix"]
[SourceDate "2019.05.01"]

1. e4 c5 2. Nf3 d6 3. d4 cxd4 4. Nxd4 Nf6 5. Nc3 a6 6. h3 e5 7. Nde2 h5 8. Bg5
Be6 9. f4 Nbd7 10. f5 Bc4 11. Ng3 Qc7 12. Qf3 b5 13. Bxc4 Qxc4 14. Nf1 Rc8 15.
O-O-O d5 16. exd5 Qc7 17. Ne3 Ba3 18. Ne4 Nxe4 19. Qxe4 Bc5 20. d6 Qc6 21. Nd5
Bxd6 22. f6 g6 23. Rhe1 Nc5 24. Qe3 Ne6 25. Rd2 O-O 26. g4 Nd4 27. Qe4 h4 28.
Ne7+ Bxe7 29. fxe7 Rfe8 30. Bxh4 Qxe4 31. Rxe4 Nf3 32. Bf6 Nxd2 33. Kxd2 Rc4
34. Rxc4 bxc4 35. g5 a5 36. a4 Rc8 37. c3 Kh7 38. Ke3 Re8 39. Ke4 Rb8 40. Kd5
e4 41. Kxe4 Re8 42. Kd5 Rc8 43. Kd6 Ra8 44. Kc5 Rc8+ 45. Kb5 Kg8 46. Kxa5 Rb8
47. Ka6 Kh7 48. Ka7 1-0

[Event "Foxwoods op"]
[Site "Mashantucket USA"]
[Date "2019.04.19"]
[Round "5"]
[White "Talukdar, Rohan"]
[Black "Paul, Justin"]
[Result "0-1"]
[WhiteElo "2407"]
[BlackElo "2210"]
[PlyCount "56"]
[EventDate "2019.04.17"]
[EventType "swiss"]
[EventRounds "9"]
[EventCountry "USA"]
[Source "ChessMix"]
[SourceDate "2019.05.01"]

1. e4 g6 2. d4 Bg7 3. Nc3 d6 4. f4 a6 5. Nf3 b5 6. Bd3 Bb7 7. e5 c5 8. dxc5
dxe5 9. fxe5 Nd7 10. e6 fxe6 11. Be3 Qc7 12. O-O Ngf6 13. Kh1 Nxc5 14. Bxc5
Qxc5 15. Qe2 Nd5 16. Qxe6 Nxc3 17. bxc3 Qd5 18. Qg4 Qh5 19. Qe6 Bd5 20. Qe3 O-O
21. Be4 Rad8 22. Bxd5+ Qxd5 23. Qxe7 Qd6 24. Qh4 Bxc3 25. Ng5 Qe7 26. Rfe1 Bxe1
27. Rxe1 Rde8 28. Rg1 Rf5 0-1

[Event "Wch-U16"]
[Site "Porto Carras GRE"]
[Date "2018.10.21"]
[Round "2.12"]
[White "Talukdar, Rohan"]
[Black "Vestby Ellingsen, Mads"]
[Result "1/2-1/2"]
[WhiteElo "2279"]
[BlackElo "2410"]
[PlyCount "127"]
[EventDate "2018.10.20"]
[EventType "swiss"]
[EventRounds "11"]
[EventCountry "GRE"]
[Source "ChessMix"]
[SourceDate "2018.11.01"]

1. e4 e5 2. Nf3 Nc6 3. Bc4 Bc5 4. d3 Nf6 5. Nbd2 O-O 6. Bb3 a6 7. O-O d6 8. c3
Ba7 9. h3 h6 10. Re1 Re8 11. Nf1 Be6 12. Ng3 d5 13. Qe2 Qd7 14. Bc2 Rad8 15.
Be3 Bxe3 16. Qxe3 Qe7 17. Nh4 dxe4 18. Nhf5 Qd7 19. dxe4 Qd2 20. Re2 Qxe3 21.
Nxe3 Ne7 22. Ree1 Ng6 23. Red1 Nf4 24. a3 g6 25. f3 Kf8 26. Kf2 Nd7 27. Ne2
Nxe2 28. Kxe2 c6 29. Rd2 Ke7 30. Rad1 h5 31. c4 a5 32. Nd5+ cxd5 33. cxd5 Nf8
34. dxe6 Nxe6 35. Rxd8 Rxd8 36. Rxd8 Kxd8 37. h4 Ke7 38. Ke3 Nd4 39. Bd1 f6 40.
f4 Kd6 41. g4 hxg4 42. Bxg4 Nc2+ 43. Kd2 Nd4 44. Ke3 Nc2+ 45. Kd2 Nd4 46. f5
gxf5 47. exf5 Ke7 48. a4 Kf7 49. Kd3 b6 50. Kc4 Kg7 51. Kd5 Kf7 52. Kd6 Kg7 53.
Kc7 e4 54. Kxb6 e3 55. Kxa5 Nxf5 56. Kb6 Nxh4 57. a5 f5 58. Be2 f4 59. a6 f3
60. Bxf3 Nxf3 61. a7 e2 62. a8=Q e1=Q 63. Qxf3 Qb4+ 64. Kc7 1/2-1/2

[Event "Wch-U16"]
[Site "Porto Carras GRE"]
[Date "2018.10.23"]
[Round "5.17"]
[White "Shubin, Kirill"]
[Black "Talukdar, Rohan"]
[Result "0-1"]
[WhiteElo "2369"]
[BlackElo "2279"]
[PlyCount "82"]
[EventDate "2018.10.20"]
[EventType "swiss"]
[EventRounds "11"]
[EventCountry "GRE"]
[Source "ChessMix"]
[SourceDate "2018.11.01"]

1. e4 c5 2. Nf3 d6 3. d4 cxd4 4. Qxd4 Nc6 5. Bb5 Bd7 6. Qd3 g6 7. c4 Bg7 8. Nc3
Nf6 9. h3 O-O 10. O-O a6 11. Bxc6 Bxc6 12. Nd4 Nd7 13. Be3 Rc8 14. Rac1 Qa5 15.
Qb1 Qh5 16. b4 Nf6 17. Qd3 Bd7 18. Nce2 Bc6 19. Nxc6 Rxc6 20. Nd4 Rc7 21. f4 e5
22. Nb3 Re8 23. Nd2 Rd7 24. Rf3 exf4 25. Bxf4 b5 26. Bxd6 bxc4 27. Rxc4 Qb5 28.
Rd4 Red8 29. Nc4 Ne8 30. Rd5 Nxd6 31. Rxb5 Nxb5 32. Qb3 Nd4 33. Qa4 Nxf3+ 34.
gxf3 h5 35. Qxa6 Ra7 36. Qc6 Rxa2 37. Nd6 Rd2 38. Nb7 Rd1+ 39. Kf2 R8d2+ 40.
Kg3 Be5+ 41. Kh4 Kg7 0-1

[Event "Wch-U16"]
[Site "Porto Carras GRE"]
[Date "2018.10.24"]
[Round "6.10"]
[White "Talukdar, Rohan"]
[Black "Zarubitski, Viachaslau"]
[Result "1/2-1/2"]
[WhiteElo "2279"]
[BlackElo "2417"]
[PlyCount "101"]
[EventDate "2018.10.20"]
[EventType "swiss"]
[EventRounds "11"]
[EventCountry "GRE"]
[Source "ChessMix"]
[SourceDate "2018.11.01"]

1. e4 c6 2. d4 d5 3. exd5 cxd5 4. Bd3 Nc6 5. c3 Qc7 6. Ne2 Bg4 7. O-O Nf6 8.
Qe1 Bh5 9. f4 e6 10. Ng3 Bd6 11. Nxh5 Nxh5 12. g3 O-O-O 13. Nd2 Rde8 14. Qe2 g6
15. Nf3 f6 16. Be3 e5 17. fxe5 fxe5 18. dxe5 Nxe5 19. Bd4 Nxd3 20. Qxd3 Rhf8
21. Ng5 Qe7 22. Rxf8 Rxf8 23. Qe3 Qxe3+ 24. Bxe3 h6 25. Nh3 Re8 26. Bxa7 Re2
27. Bd4 Rxb2 28. a4 Be7 29. Rf1 Bd6 30. Rf7 Re2 31. Rh7 Re1+ 32. Kf2 Re6 33.
Rxh6 Nf6 34. Rh8+ Kd7 35. Ng5 Ng4+ 36. Kf3 Ne5+ 37. Kg2 Re7 38. h4 Nc6 39. Rh7
Nxd4 40. cxd4 Rxh7 41. Nxh7 Be7 42. Kf3 Kc6 43. Kf4 Bd6+ 44. Kg4 b5 45. axb5+
Kxb5 46. Nf6 Kc4 47. Nxd5 Kxd5 48. Kg5 Bxg3 49. Kxg6 Bxh4 50. Kh5 Kxd4 51. Kxh4
1/2-1/2

[Event "Wch-U16"]
[Site "Porto Carras GRE"]
[Date "2018.10.27"]
[Round "8.18"]
[White "Kozak, Adam"]
[Black "Talukdar, Rohan"]
[Result "1/2-1/2"]
[WhiteElo "2445"]
[BlackElo "2279"]
[PlyCount "31"]
[EventDate "2018.10.20"]
[EventType "swiss"]
[EventRounds "11"]
[EventCountry "GRE"]
[Source "ChessMix"]
[SourceDate "2018.11.01"]

1. d4 Nf6 2. c4 g6 3. Nc3 d5 4. cxd5 Nxd5 5. e4 Nxc3 6. bxc3 Bg7 7. Be3 c5 8.
Nf3 Qa5 9. Qd2 Nc6 10. Rc1 Bg4 11. d5 Rd8 12. Be2 O-O 13. O-O e6 14. Bf4 exd5
15. exd5 c4 16. d6 1/2-1/2

[Event "Wch-U16"]
[Site "Porto Carras GRE"]
[Date "2018.10.28"]
[Round "9.20"]
[White "Talukdar, Rohan"]
[Black "Vrolijk, Liam"]
[Result "0-1"]
[WhiteElo "2279"]
[BlackElo "2437"]
[PlyCount "64"]
[EventDate "2018.10.20"]
[EventType "swiss"]
[EventRounds "11"]
[EventCountry "GRE"]
[Source "ChessMix"]
[SourceDate "2018.11.01"]

1. e4 e5 2. Nf3 Nc6 3. Bc4 Bc5 4. d3 Nf6 5. Nbd2 O-O 6. O-O d6 7. c3 a5 8. Bb3
h6 9. h3 Be6 10. Re1 Bxb3 11. Qxb3 Qd7 12. a4 Rfe8 13. Nc4 d5 14. exd5 Qxd5 15.
Be3 Bxe3 16. Rxe3 e4 17. dxe4 Rxe4 18. Rxe4 Nxe4 19. Qxb7 Rb8 20. Qxc7 Qxc4 21.
Nd4 Rxb2 22. Re1 Nxc3 23. Nxc6 Kh7 24. Qd7 Re2 25. Rf1 Re6 26. Nd8 Ne2+ 27. Kh2
Qf4+ 28. Kh1 Ng3+ 29. Kg1 Rd6 30. Qxf7 Ne2+ 31. Kh1 Rxd8 32. Qb3 Qe4 0-1

[Event "Varennes op"]
[Site "Varennes CAN"]
[Date "2018.10.06"]
[Round "3.6"]
[White "Perez Rodriguez, Luis Manuel"]
[Black "Talukdar, Rohan"]
[Result "1/2-1/2"]
[WhiteElo "2373"]
[BlackElo "2361"]
[PlyCount "62"]
[EventDate "2018.10.05"]
[EventType "swiss"]
[EventRounds "5"]
[EventCountry "CAN"]

1. e4 c5 2. Nf3 d6 3. d4 cxd4 4. Nxd4 Nf6 5. Nc3 a6 6. Bg5 e6 7. f4 Qb6 8. Qd2
Qxb2 9. Rb1 Qa3 10. f5 Nc6 11. fxe6 fxe6 12. Nxc6 bxc6 13. e5 dxe5 14. Bxf6
gxf6 15. Ne4 Be7 16. Be2 h5 17. Rb3 Qa4 18. Nxf6+ Bxf6 19. c4 Bh4+ 20. g3 Be7
21. O-O Ra7 22. Rb8 Rc7 23. Qd3 Bc5+ 24. Kh1 Ke7 25. Qf3 Kd6 26. Rd1+ Ke7 27.
Rf1 Kd6 28. Qf6 Rch7 29. Rd1+ Bd4 30. Rxd4+ exd4 31. Qxd4+ Kc7 1/2-1/2

[Event "Varennes op"]
[Site "Varennes CAN"]
[Date "2018.10.07"]
[Round "4.7"]
[White "Talukdar, Rohan"]
[Black "Morella Cabrera, Julio Antonio"]
[Result "1-0"]
[WhiteElo "2361"]
[BlackElo "2247"]
[PlyCount "93"]
[EventDate "2018.10.05"]
[EventType "swiss"]
[EventRounds "5"]
[EventCountry "CAN"]

1. e4 c5 2. Nf3 Nc6 3. d4 cxd4 4. Nxd4 e5 5. Nb5 d6 6. N1c3 a6 7. Na3 b5 8. Nd5
Nge7 9. c4 Nd4 10. cxb5 Nxd5 11. exd5 Be7 12. Be3 Nf5 13. Bd2 O-O 14. Bd3 Nh4
15. O-O f5 16. f4 e4 17. Be2 Bf6 18. Qb3 Rb8 19. g3 Nf3+ 20. Bxf3 exf3 21. Rxf3
Bd7 22. Bc3 axb5 23. Bxf6 Qxf6 24. Nc2 Rfc8 25. Rc3 Rxc3 26. bxc3 h5 27. h4 Rc8
28. Nd4 Re8 29. Ne6 Rxe6 30. dxe6 Bxe6 31. Qb4 Bc4 32. Re1 Qd8 33. Qb2 Qd7 34.
Qf2 Bd5 35. Qe2 Be4 36. Kh2 Qa7 37. Rd1 Qc5 38. Rd4 d5 39. Rb4 Qxc3 40. Rxb5 g6
41. Qb2 d4 42. Qxc3 dxc3 43. Rc5 c2 44. Rc7 Kf8 45. Kg1 Ke8 46. Kf2 Kd8 47. Rc3
1-0

[Event "Varennes op"]
[Site "Varennes CAN"]
[Date "2018.10.07"]
[Round "5.3"]
[White "Talukdar, Rohan"]
[Black "Diaz Hernandez, Heriberto"]
[Result "1-0"]
[WhiteElo "2279"]
[BlackElo "2353"]
[PlyCount "59"]
[EventDate "2018.10.05"]
[EventType "swiss"]
[EventRounds "5"]
[EventCountry "CAN"]

1. e4 e5 2. Nf3 Nc6 3. Bc4 Bc5 4. d3 Nf6 5. Nbd2 a6 6. Bb3 O-O 7. O-O d6 8. c3
Ba7 9. h3 h6 10. Re1 Nh5 11. Nf1 Qf6 12. Be3 Bxe3 13. Rxe3 Bd7 14. d4 Rad8 15.
Ba4 b5 16. Bc2 Na5 17. Nxe5 dxe5 18. Qxh5 exd4 19. e5 Qb6 20. cxd4 Qxd4 21. Rd1
Qxb2 22. Re2 Qb4 23. Rxd7 Rxd7 24. Qf5 Rfd8 25. Qh7+ Kf8 26. Qh8+ Ke7 27. Qxg7
Qc4 28. Ng3 Rd1+ 29. Kh2 Qe6 30. Bf5 1-0

[Event "CYCC U16"]
[Site "Quebec CAN"]
[Date "2018.07.03"]
[Round "3.13"]
[White "Talukdar, Rohan"]
[Black "Li, William"]
[Result "1-0"]
[WhiteElo "2331"]
[BlackElo "2204"]
[PlyCount "67"]
[EventDate "2018.07.02"]
[EventType "swiss"]
[EventRounds "7"]
[EventCountry "CAN"]

1. e4 c5 2. Nf3 d6 3. d4 cxd4 4. Nxd4 Nf6 5. Nc3 a6 6. Be3 e5 7. Nb3 Be6 8. f3
Be7 9. Qd2 O-O 10. O-O-O Nbd7 11. g4 b5 12. g5 b4 13. Ne2 Ne8 14. f4 exf4 15.
Bxf4 Ne5 16. h4 a5 17. Kb1 Qb8 18. Nbd4 a4 19. Nxe6 fxe6 20. Nd4 b3 21. Nxe6
bxa2+ 22. Ka1 Rf7 23. Bxe5 dxe5 24. Bc4 a3 25. b3 Kh8 26. h5 Bb4 27. c3 Ba5 28.
b4 Bb6 29. g6 Rf6 30. h6 Rxg6 31. hxg7+ Nxg7 32. Rxh7+ Kxh7 33. Rh1+ Kg8 34.
Nf4+ 1-0

[Event "CYCC U16"]
[Site "Quebec CAN"]
[Date "2018.07.03"]
[Round "4.13"]
[White "Doknjas, Joshua"]
[Black "Talukdar, Rohan"]
[Result "1/2-1/2"]
[WhiteElo "2257"]
[BlackElo "2331"]
[PlyCount "39"]
[EventDate "2018.07.02"]
[EventType "swiss"]
[EventRounds "7"]
[EventCountry "CAN"]

1. e4 c5 2. Nf3 d6 3. d4 cxd4 4. Nxd4 Nf6 5. Nc3 a6 6. h3 e5 7. Nde2 h5 8. g3
Be6 9. Bg2 b5 10. O-O Nbd7 11. Be3 Be7 12. f4 Rc8 13. b3 Nb6 14. a4 b4 15. Nd5
Bxd5 16. exd5 e4 17. Qd2 Nbxd5 18. Bxe4 Nxe3 19. Qxe3 Qd7 20. f5 1/2-1/2

[Event "CYCC U16"]
[Site "Quebec CAN"]
[Date "2018.07.04"]
[Round "5.14"]
[White "Talukdar, Rohan"]
[Black "Li, Eric M"]
[Result "1-0"]
[WhiteElo "2331"]
[BlackElo "2032"]
[PlyCount "63"]
[EventDate "2018.07.02"]
[EventType "swiss"]
[EventRounds "7"]
[EventCountry "CAN"]

1. e4 c5 2. Nf3 Nc6 3. d4 cxd4 4. Nxd4 Qb6 5. Nb3 Nf6 6. Nc3 e6 7. Bd3 d6 8.
Be3 Qc7 9. f4 Be7 10. Qf3 a6 11. O-O-O b5 12. g4 Bb7 13. g5 Nd7 14. Kb1 Na5 15.
Qh3 Nc4 16. Bc1 O-O-O 17. Rhf1 Kb8 18. f5 exf5 19. exf5 Nce5 20. Be4 Bxe4 21.
Nxe4 Nc5 22. Nbxc5 dxc5 23. f6 gxf6 24. gxf6 Bd6 25. Bf4 Rhe8 26. Rd5 Nc4 27.
Nxd6 Nxd6 28. Rfd1 Re6 29. Qxe6 fxe6 30. Rxd6 Kb7 31. Rxd8 Qxf4 32. f7 1-0

[Event "CYCC U16"]
[Site "Quebec CAN"]
[Date "2018.07.04"]
[Round "6.13"]
[White "Zhang, Henry"]
[Black "Talukdar, Rohan"]
[Result "0-1"]
[WhiteElo "2223"]
[BlackElo "2331"]
[PlyCount "56"]
[EventDate "2018.07.02"]
[EventType "swiss"]
[EventRounds "7"]
[EventCountry "CAN"]

1. e4 c5 2. Nf3 d6 3. Bc4 Nc6 4. d3 g6 5. c3 Nf6 6. O-O Bg7 7. Nbd2 O-O 8. Re1
e5 9. Nf1 d5 10. exd5 Nxd5 11. Bb5 Nde7 12. Be3 b6 13. Qd2 Qc7 14. Bh6 Bg4 15.
Bxg7 Kxg7 16. Qe3 f6 17. N1d2 Rad8 18. h3 Bf5 19. Qe2 Bc8 20. Rad1 Bb7 21. Nb3
Nf5 22. Nbd2 Nd6 23. Ba4 Ba6 24. Bc2 Rfe8 25. Qe3 Nd4 26. Ba4 N6f5 27. Qe4 Bb7
28. Qg4 h5 0-1

[Event "CYCC U16"]
[Site "Quebec CAN"]
[Date "2018.07.05"]
[Round "7.13"]
[White "Talukdar, Rohan"]
[Black "Gaisinsky, Adam"]
[Result "1-0"]
[WhiteElo "2331"]
[BlackElo "2108"]
[PlyCount "109"]
[EventDate "2018.07.02"]
[EventType "swiss"]
[EventRounds "7"]
[EventCountry "CAN"]

1. e4 e5 2. Nf3 Nc6 3. Bc4 Nf6 4. d3 Be7 5. O-O O-O 6. Bb3 d6 7. c3 Na5 8. Bc2
c5 9. Re1 Nc6 10. Nbd2 Re8 11. a3 Bf8 12. b4 a6 13. Bb2 d5 14. exd5 Nxd5 15.
Ne4 cxb4 16. axb4 Bg4 17. h3 Bh5 18. Ng3 Bg6 19. Qd2 Rc8 20. Ba4 f6 21. b5 axb5
22. Bxb5 Bc5 23. Nh4 Bf7 24. Ne4 Bf8 25. Ba3 Bxa3 26. Rxa3 g6 27. Nf3 Nc7 28.
Bxc6 bxc6 29. c4 Kg7 30. Rea1 Qe7 31. Ra7 Ra8 32. Qe3 Rxa7 33. Rxa7 f5 34. Neg5
Bg8 35. Qxe5+ Qxe5 36. Nxe5 Rxe5 37. Rxc7+ Kh6 38. Nf3 Re6 39. Kf1 Rd6 40. Ke2
g5 41. Ne5 Re6 42. Rxc6 Kg7 43. Rxe6 Bxe6 44. d4 Kf6 45. Kd3 Bc8 46. Nc6 Ke6
47. d5+ Kd6 48. Kd4 g4 49. c5+ Kc7 50. Ne7 f4 51. d6+ Kd8 52. hxg4 Bxg4 53. c6
h5 54. c7+ Ke8 55. Ke4 1-0

[Event "Winter Classic inv."]
[Site "Montreal CAN"]
[Date "2018.01.03"]
[Round "2"]
[White "Hua, Eugene"]
[Black "Talukdar, Rohan"]
[Result "1/2-1/2"]
[WhiteElo "2254"]
[BlackElo "2290"]
[PlyCount "104"]
[EventDate "2018.01.02"]
[EventType "tourn"]
[EventRounds "7"]
[EventCountry "CAN"]

1. e4 c5 2. Nf3 d6 3. d4 cxd4 4. Qxd4 Nc6 5. Bb5 Bd7 6. Bxc6 Bxc6 7. Nc3 Nf6 8.
Bg5 e6 9. O-O-O Be7 10. Rhe1 O-O 11. Kb1 h6 12. Bh4 Qa5 13. Qd2 Qh5 14. h3 g5
15. Bg3 d5 16. e5 Ne4 17. Nxe4 dxe4 18. Nd4 Rfd8 19. Qe2 Qxe2 20. Rxe2 a6 21.
Red2 Bd5 22. f3 Rac8 23. Bf2 Kh7 24. Nf5 Bxa2+ 25. Kxa2 exf5 26. fxe4 fxe4 27.
Kb3 Kg6 28. Rxd8 Bxd8 29. Rd7 Bc7 30. Bd4 Rd8 31. Rxd8 Bxd8 32. g4 f5 33. exf6
Bxf6 34. Kc4 e3 35. Bxf6 Kxf6 36. Kd3 Ke5 37. Kxe3 Kd5 38. Kd3 a5 39. c4+ Kc5
40. Kc3 a4 41. b3 axb3 42. Kxb3 b5 43. cxb5 Kxb5 44. Kc3 Kc5 45. Kd3 Kd5 46.
Ke3 Ke5 47. h4 gxh4 48. Kf3 Kf6 49. Kg2 Kg6 50. Kh2 Kg5 51. Kh3 h5 52. gxh5
Kxh5 1/2-1/2